000 00545nam a22001817a 4500
003 OSt
005 20250621014702.0
008 250621b |||||||| |||| 00| 0 eng d
020 _a978-621-406-175-4
040 _aDWCL - Main lib
_c OC
082 _aFil. 515 P128b 2018
100 _aPagala, Renante C.
245 _aBasic Calculus :
_b for senior high school/
_cRenante C. Pagala
260 _aManila : Philippines :
_bMindshapers co
_c c2018.
300 _a vi , 210 pages;
_c27cm.
650 _a1. Caculus
942 _2ddc
_cBK - FIL
_kFil.
_n0
999 _c3211
_d3211